Statistics for Answers Contain the Number Seven

Click here to take the quiz!

General Stats

  • This quiz has been taken 43,682 times
  • The average score is 10 of 20

Answer Stats

ClueAnswer% Correct
Snow White's companionsSeven Dwarfs
99%
James Bond007
90%
Convenience store chain7-Eleven
86%
Gluttony, lust, etc...Seven Deadly Sins
83%
What Sinbad sailedSeven Seas
83%
Sprite alternative?7UP
72%
Hanging Gardens of Babylon, e.g.Seven Wonders
60%
Type of stud pokerSeven-card
53%
What you can't say on TVSeven Dirty Words
44%
What Harry Potter had to destroySeven Horcruxes
42%
Geographical feature of RomeSeven Hills
40%
Land once ruled by the TargaryensSeven Kingdoms
33%
Highly effective people have theseSeven Habits
33%
Kurosawa filmSeven Samurai
31%
Prudence, justice, faith, etc...Seven Virtues
31%
Minnesota "salad" with lots of mayoSeven Layer Salad
26%
Marilyn Monroe movieThe Seven Year Itch
23%
Will Smith movieSeven Pounds
19%
The tallest point on each continentSeven Summits
19%
Barnard, Bryn Mawr, etc..Seven Sisters
19%

Score Distribution

Percentile by Number Answered

Percent of People with Each Score

Your Score History

You have not taken this quiz